Les meilleurs films de tous les temps selon le magazine Sight and Soun - Statistiques

Statistiques générales
  • Ce quiz a été pris 36 fois
  • Le résultat moyen est 3 sur 10
Statistiques - réponses
Hint Réponse % Correct
1941 Citizen Kane
83%
1968 2001, l'Odyssée de l'espace
43%
1958 Sueurs froides
33%
2000 In the Mood for Love
30%
2001 Mulholland Drive
30%
1953 Voyage à Tokyo
20%
1952 Chantons sous la pluie
13%
1976 Jeanne Dielman, 23, quai du commerce, 1080 Bruxelles
10%
2000 Beau Travail
7%
1929 L'Homme à la caméra
7%
Aucun quiz correspondant
Distribution des résultats
% des personnes avec chaque résultat
Percentile par nombre de réponses
Votre historique - résultats
Vous n’avez pas pris ce quiz